| 000 | 00469nam a2200169Ia 4500 | ||
|---|---|---|---|
| 003 | IN-BaIIA | ||
| 008 | 211028s9999 xx 000 0 eng d | ||
| 040 | _cIIA Library | ||
| 080 |
_a550.3 _bCHA |
||
| 100 | _aChapman, Sydney | ||
| 245 | 0 |
_aIGY year of discovery _cSydney Chapman |
|
| 260 |
_aNew York _c1959 |
||
| 300 | _a111p | ||
| 650 | _aAstronomy and Astrophysics Thesaurus | ||
| 650 |
_aDiscovery _93616 |
||
| 942 | _cBK | ||
| 999 |
_c1889 _d1889 |
||